A Tourist's View of Rome Quiz Stats

 Plays Quiz Updated Jul 21, 2017

Support Sporcle.
Go Orange.
Score 0/15 Timer 05:00
17 Plays Today
% Correct
Colosseo (Colosseum)
84.9%
Basilica Papale di San Pietro in Vaticano (St. Peter's Basilica)
81.1%
Cappella Sistina (Sistine Chapel)
78.9%
Piazza di Spagna/Scalinata della Trinità dei Monti (Spanish Steps)
77.6%
Fontana di Trevi (Trevi Fountain)
73.4%
Pantheon
62.6%
Foro Romano (Roman Forum)
54%
Circo Massimo (Circus Maximus)
44.1%
% Correct
Via Appia (Appian Way)
38.2%
Piazza Navona (Navona Square)
31.5%
Bocca della Verità (Mouth of Truth)
29.8%
Galleria Borghese (Borghese Gallery)
25.4%
Castel Sant'Angelo (Mausoleum of Hadrian)
25.1%
Altare della Patria (Altar of the Fatherland)
19.4%
Terme di Caracalla (Baths of Caracalla)
16.3%

You're not logged in!

Compare scores with friends on all Sporcle quizzes.
OR
Log In
Forgot?

From the Vault

15 Category Judaism

by DesertSpartan

Even though 16 is a nice square number, it felt just a tad too high.
Remove Ads.
Support Sporcle.
Get the best of Sporcle when you Go Orange. This ad-free experience offers more features, more stats, and more fun while also helping to support Sporcle. Thank you for becoming a member.

Show Comments

Extras

Top Quizzes Today


Score Distribution

Your Account Isn't Verified!

In order to create a playlist on Sporcle, you need to verify the email address you used during registration. Go to your Sporcle Settings to finish the process.

Report this User

Report this user for behavior that violates our Community Guidelines.

Details: